[Event "FRA-chT1 0910"]
[Site "France"]
[Date "2009.10.17"]
[Round "2.2"]
[White "Piankov, Evgenij"]
[Black "Saada, Julien"]
[Result "1-0"]
[WhiteElo "2367"]
[BlackElo "2328"]
[PlyCount "89"]
[EventDate "2009.09.27"]
[EventType "team-match"]
[EventRounds "11"]
[EventCountry "FRA"]
[SourceDate "2009.07.26"]

1. d4 d5 2. Nf3 Nf6 3. e3 c6 4. c4 e6 5. Nc3 Nbd7 6. b3 Bd6 7. Bb2 Qe7 8. Be2
O-O 9. O-O dxc4 10. bxc4 e5 11. Qc2 Re8 12. Rae1 e4 13. Nd2 Nf8 14. f3 Bf5 15.
Ndxe4 Nxe4 16. Nxe4 Qh4 17. h3 Rxe4 18. fxe4 Bxe4 19. Bd3 Bxd3 20. Qxd3 Qg3 21.
Qf5 Qh2+ 22. Kf2 Bg3+ 23. Ke2 f6 24. Rb1 Qxg2+ 25. Kd3 Ng6 26. Qf3 Qxf3 27.
Rxf3 Bc7 28. Bc3 b6 29. a4 Rd8 30. Kc2 Re8 31. Bd2 Nh4 32. Rff1 f5 33. Kd3 g5
34. a5 Kg7 35. axb6 axb6 36. Ra1 Kf6 37. Ra7 Re7 38. Bb4 Rd7 39. c5 Ke6 40.
cxb6 Bxb6 41. Rxd7 Kxd7 42. Be1 Ng2 43. Bg3 Nxe3 44. Kxe3 f4+ 45. Bxf4 1-0

[Event "FRA-chT1 0910"]
[Site "France"]
[Date "2009.10.17"]
[Round "2.3"]
[White "Velikov, Petar"]
[Black "Cotonnec, Melkior"]
[Result "1-0"]
[WhiteElo "2425"]
[BlackElo "2289"]
[PlyCount "77"]
[EventDate "2009.09.27"]
[EventType "team-match"]
[EventRounds "11"]
[EventCountry "FRA"]
[SourceDate "2009.07.26"]
[WhiteTeam "Migne"]

1. Nf3 Nc6 2. d4 d5 3. Bg5 Bg4 4. e3 f6 5. Bh4 e6 6. c4 Nge7 7. Nc3 Nf5 8. Bg3
Bb4 9. cxd5 exd5 10. Bd3 Qd7 11. Qc2 O-O-O 12. h3 Nxg3 13. hxg4 Ne4 14. Bxe4
dxe4 15. Qxe4 Rhe8 16. Qf5 Qxf5 17. gxf5 Nxd4 18. Nxd4 Rxd4 19. Rxh7 Rg4 20. g3
Rg5 21. Ke2 Bf8 22. Rh8 Rxf5 23. Rd1 Rfe5 24. Rg8 c6 25. g4 Kc7 26. Kf3 b6 27.
Ne2 g5 28. Rg6 Bc5 29. Ng3 Be7 30. Nf5 b5 31. Rg7 Kb6 32. Rd7 Bf8 33. Rgf7 a5
34. Rxf6 Bb4 35. a3 Bc5 36. Rg7 b4 37. a4 Ka6 38. Rc7 R5e6 39. Ng7 1-0

[Event "FRA-chT1 0910"]
[Site "France"]
[Date "2009.10.17"]
[Round "2.5"]
[White "Fougerit, Valentin"]
[Black "Lavabre, Fabien"]
[Result "1-0"]
[WhiteElo "2233"]
[BlackElo "2227"]
[PlyCount "79"]
[EventDate "2009.09.27"]
[EventType "team-match"]
[EventRounds "11"]
[EventCountry "FRA"]
[SourceDate "2009.07.26"]

1. e4 c5 2. Nf3 d6 3. Bb5+ Nc6 4. c3 Bd7 5. d4 a6 6. Bxc6 Bxc6 7. d5 Bd7 8. h3
e5 9. O-O Be7 10. Be3 Nf6 11. Nbd2 O-O 12. Qb1 Ne8 13. b4 b6 14. a4 f5 15. exf5
Bxf5 16. Qb3 Bd3 17. Rfe1 e4 18. Nh2 a5 19. Nhf1 Qc7 20. Ng3 c4 21. Qa3 Nf6 22.
Bd4 Nxd5 23. Ndxe4 Nf4 24. Nd2 Qc6 25. Nde4 d5 26. Nd2 Rae8 27. Rxe7 Rxe7 28.
bxa5 Ne2+ 29. Kh2 Ref7 30. Nxe2 Bxe2 31. axb6 Qh6 32. Be3 Qe6 33. Kg1 Rf6 34.
Rb1 Bd3 35. Rb5 Rg6 36. Qxf8+ Kxf8 37. b7 Rxg2+ 38. Kxg2 Bg6 39. Kh1 Be4+ 40.
f3 1-0

[Event "FRA-chT1 0910"]
[Site "France"]
[Date "2009.10.17"]
[Round "2.6"]
[White "Geffroy, Laurent"]
[Black "Picard, Clement"]
[Result "1/2-1/2"]
[WhiteElo "2231"]
[BlackElo "2200"]
[PlyCount "100"]
[EventDate "2009.09.27"]
[EventType "team-match"]
[EventRounds "11"]
[EventCountry "FRA"]
[SourceDate "2009.07.26"]

1. d4 e6 2. c4 d5 3. Nc3 Be7 4. cxd5 exd5 5. Bf4 c6 6. e3 Bd6 7. Bxd6 Qxd6 8.
Bd3 Ne7 9. Qc2 b6 10. Nf3 Ba6 11. Bxa6 Nxa6 12. O-O O-O 13. a3 Nc7 14. b4 a5
15. Rab1 axb4 16. axb4 Ne6 17. Rfc1 Rfc8 18. Qb3 Rc7 19. Na4 Rb8 20. Ne5 b5 21.
Nc5 Nxc5 22. Rxc5 f6 23. Nd3 Kh8 24. Ra1 Nc8 25. Qc2 Nb6 26. Rc3 Nc4 27. Ra6
Rcc8 28. Qa2 Qd8 29. Rc1 Ra8 30. Nc5 h6 31. Ra1 Nb6 32. Qa5 Rxa6 33. Nxa6 Na4
34. Qxd8+ Rxd8 35. Rc1 Rc8 36. g3 Kg8 37. Nc5 Kf7 38. Nxa4 bxa4 39. b5 Ke7 40.
bxc6 Kd6 41. Kf1 Rxc6 42. Ra1 Rc4 43. Ke2 Kc6 44. Kd3 Kb5 45. f3 Rb4 46. e4
Rb3+ 47. Ke2 Rb2+ 48. Ke3 Rb3+ 49. Ke2 Rb2+ 50. Ke3 Rb3+ 1/2-1/2

[Event "FRA-chT1 0910"]
[Site "France"]
[Date "2009.10.17"]
[Round "2.7"]
[White "Borzakian, Manouk"]
[Black "Stambul, Adam"]
[Result "1/2-1/2"]
[WhiteElo "2253"]
[BlackElo "2185"]
[PlyCount "81"]
[EventDate "2009.09.27"]
[EventType "team-match"]
[EventRounds "11"]
[EventCountry "FRA"]
[SourceDate "2009.07.26"]

1. e4 e5 2. Nf3 Nc6 3. Bc4 Nf6 4. d3 Be7 5. O-O O-O 6. a4 d6 7. Re1 Be6 8. a5
Bxc4 9. dxc4 a6 10. Nc3 Nd7 11. Nd5 f5 12. b4 fxe4 13. Rxe4 Nf6 14. Re1 Kh8 15.
Qd2 Qc8 16. Bb2 Nxd5 17. cxd5 Nd8 18. Qe2 Bf6 19. Nd2 Nf7 20. Qc4 Qf5 21. Ra3
Rae8 22. Ne4 Ng5 23. Bc1 Nxe4 24. Qxe4 Bg5 25. Qxf5 Rxf5 26. Bxg5 Rxg5 27. Re4
Rf8 28. Rae3 Kg8 29. f3 Rgf5 30. Kf2 Rf4 31. Rxf4 Rxf4 32. Re4 Rxe4 33. fxe4
Kf7 34. Kf3 Ke7 35. Kg4 Kd7 36. h4 b6 37. h5 bxa5 38. bxa5 Ke7 39. Kg5 Kf7 40.
Kf5 Ke7 41. g4 1/2-1/2

[Event "FRA-chT1 0910"]
[Site "France"]
[Date "2009.10.17"]
[Round "2.1"]
[White "Demuth, Adrien"]
[Black "Spraggett, Kevin"]
[Result "1/2-1/2"]
[WhiteElo "2388"]
[BlackElo "2594"]
[PlyCount "49"]
[EventDate "2009.09.27"]
[EventType "team-match"]
[EventRounds "11"]
[EventCountry "FRA"]
[SourceDate "2009.07.26"]
[BlackTeam "Gif/yvette"]

1. d4 Nf6 2. c4 e6 3. Nf3 b6 4. a3 Bb7 5. Nc3 d5 6. cxd5 exd5 7. g3 Be7 8. Bg2
O-O 9. O-O Na6 10. b4 c5 11. bxc5 bxc5 12. Rb1 Rb8 13. Qa4 cxd4 14. Nxd4 Nc5
15. Qxa7 Nfd7 16. Bf4 Ra8 17. Rxb7 Rxa7 18. Rxa7 Qb6 19. Ndb5 Bf6 20. Bc7 Qe6
21. Bxd5 Qf5 22. Bd6 Rd8 23. Bc7 Rf8 24. Bd6 Rd8 25. Bc7 1/2-1/2

[Event "FRA-chT1 0910"]
[Site "France"]
[Date "2009.10.17"]
[Round "2.3"]
[White "Do, Huu Thi"]
[Black "Seret, Jean Luc"]
[Result "1-0"]
[WhiteElo "2195"]
[BlackElo "2398"]
[PlyCount "55"]
[EventDate "2009.09.27"]
[EventType "team-match"]
[EventRounds "11"]
[EventCountry "FRA"]
[SourceDate "2009.07.26"]

1. e3 g6 2. h4 Nf6 3. b3 d6 4. Bb2 Bg7 5. d3 e5 6. Nd2 Bg4 7. Be2 h5 8. Ngf3 c5
9. Ne4 Nc6 10. Qd2 Qe7 11. c4 O-O-O 12. Qc3 Ne8 13. Qc1 Nc7 14. a3 Kb8 15. b4
f5 16. Nc3 e4 17. dxe4 fxe4 18. Ng5 Bf5 19. Rb1 Rhe8 20. Nd5 Nxd5 21. cxd5 Ne5
22. Bxe5 Bxe5 23. bxc5 dxc5 24. Bc4 Bf6 25. Ne6 Bxe6 26. dxe6 Bxh4 27. Qc2 Qd6
28. Rxh4 1-0

[Event "FRA-chT1 0910"]
[Site "France"]
[Date "2009.10.17"]
[Round "2.6"]
[White "Seret, Jean Renaud"]
[Black "Garnier, Teddy"]
[Result "1-0"]
[WhiteElo "2178"]
[BlackElo "1907"]
[PlyCount "75"]
[EventDate "2009.09.27"]
[EventType "team-match"]
[EventRounds "11"]
[EventCountry "FRA"]
[SourceDate "2009.07.26"]

1. e4 Nf6 2. e5 Nd5 3. d4 d6 4. Nf3 dxe5 5. Nxe5 g6 6. Bc4 c6 7. O-O Bg7 8. Nd2
O-O 9. Ndf3 Nd7 10. Re1 Nxe5 11. Nxe5 Be6 12. Bb3 a5 13. c3 Qc8 14. Qf3 Nc7 15.
Nc4 Nd5 16. Bg5 f6 17. Nb6 fxg5 18. Nxc8 Rxf3 19. Nxe7+ Kf7 20. Nxd5 cxd5 21.
gxf3 a4 22. Bc2 Ke7 23. Re3 Kd6 24. Rae1 Bd7 25. Re7 Rg8 26. a3 b6 27. Rf7 Be6
28. Rb7 Bd7 29. Rxb6+ Kc7 30. Ra6 Bb5 31. Ra7+ Kb6 32. Ree7 Bf8 33. Reb7+ Kc6
34. Rxh7 Bd6 35. Bxa4 Bxa4 36. Ra6+ Kb5 37. Rxd6 Bd1 38. Rxd5+ 1-0

[Event "FRA-chT1 0910"]
[Site "France"]
[Date "2009.10.17"]
[Round "2.7"]
[White "Sola, Flavien"]
[Black "Leitner, Walter"]
[Result "0-1"]
[WhiteElo "1946"]
[BlackElo "2064"]
[PlyCount "84"]
[EventDate "2009.09.27"]
[EventType "team-match"]
[EventRounds "11"]
[EventCountry "FRA"]
[SourceDate "2009.07.26"]

1. e4 c6 2. d4 d5 3. Nc3 dxe4 4. Nxe4 Bf5 5. Ng3 Bg6 6. Nf3 e6 7. h4 h6 8. h5
Bh7 9. Bd3 Bxd3 10. Qxd3 Nf6 11. Bd2 Nbd7 12. O-O-O Qc7 13. Qe2 O-O-O 14. Rhe1
Be7 15. Ne5 Nxe5 16. dxe5 Nd5 17. f4 Bh4 18. Qg4 Qe7 19. Ba5 Rdg8 20. c4 Bxg3
21. Qxg3 Qc5 22. Qa3 Qxc4+ 23. Kb1 Qb5 24. Rd3 b6 25. Bd2 Kb7 26. Rc1 Rd8 27.
Rb3 Qe2 28. Be3 Rc8 29. Rd3 Rhd8 30. Bg1 Qxh5 31. g3 Qf5 32. Ka1 Qe4 33. Rd4
Qe2 34. Ra4 a5 35. Rac4 Nb4 36. Qb3 Rd3 37. Qa4 Rd2 38. Bd4 b5 39. Qxa5 Rxd4
40. Rxb4 Rd1 41. Rbc4 bxc4 42. Qb4+ Kc7 0-1

[Event "FRA-chT1 0910"]
[Site "France"]
[Date "2009.10.17"]
[Round "2.1"]
[White "Glavina Rossi, Pablo"]
[Black "Moussard, Jules"]
[Result "1/2-1/2"]
[WhiteElo "2460"]
[BlackElo "2344"]
[PlyCount "59"]
[EventDate "2009.09.27"]
[EventType "team-match"]
[EventRounds "11"]
[EventCountry "FRA"]
[SourceDate "2009.07.26"]

1. d4 g6 2. c4 Bg7 3. Nc3 d6 4. e4 Nd7 5. Be3 e5 6. Nge2 Ne7 7. Qd2 f5 8. f3 f4
9. Bf2 O-O 10. d5 g5 11. O-O-O Ng6 12. Kb1 b6 13. Nc1 Nf6 14. b4 a5 15. a3 axb4
16. axb4 Qe7 17. Kb2 h5 18. Bd3 g4 19. h3 g3 20. Be1 Bd7 21. Bc2 Nh4 22. Nd3
Rfb8 23. Bb3 Kh8 24. Qe2 Nh7 25. Bd2 Ng5 26. Ne1 Bf6 27. Ra1 Rxa1 28. Kxa1 Ra8+
29. Kb2 Qg7 30. Kc2 1/2-1/2

[Event "FRA-chT1 0910"]
[Site "France"]
[Date "2009.10.17"]
[Round "2.2"]
[White "Justo, Damian"]
[Black "Salgado Allaria, Carlos"]
[Result "0-1"]
[WhiteElo "2323"]
[BlackElo "2333"]
[PlyCount "92"]
[EventDate "2009.09.27"]
[EventType "team-match"]
[EventRounds "11"]
[EventCountry "FRA"]
[SourceDate "2009.07.26"]

1. d4 d5 2. c4 c6 3. Nf3 Nf6 4. e3 e6 5. Nbd2 c5 6. cxd5 exd5 7. Bb5+ Bd7 8.
Bxd7+ Nbxd7 9. O-O Bd6 10. b3 O-O 11. Bb2 Re8 12. Re1 Rc8 13. Rc1 h6 14. dxc5
Nxc5 15. Nf1 Nce4 16. Rxc8 Qxc8 17. Qd3 Qd8 18. Qb5 Re7 19. Ng3 a6 20. Qd3 Bxg3
21. hxg3 Qa5 22. a3 Rc7 23. Re2 Qc5 24. Qd1 Nc3 25. Bxc3 Qxc3 26. a4 Qc1 27.
Re1 Qxd1 28. Rxd1 Rc3 29. Nd4 g6 30. Kf1 Ne4 31. Ke2 h5 32. Rb1 Kf8 33. Rb2 Ke7
34. Kf3 Rc1 35. g4 h4 36. Kf4 f6 37. f3 g5+ 38. Kf5 Kf7 39. fxe4 Rf1+ 40. Nf3
h3 41. Rc2 hxg2 42. Rc7+ Kf8 43. Ke6 Rxf3 44. Rc8+ Kg7 45. Rc7+ Kg6 46. Rc8
g1=Q 0-1

[Event "FRA-chT1 0910"]
[Site "France"]
[Date "2009.10.17"]
[Round "2.7"]
[White "Silvert, Alexandre"]
[Black "Roumegous, Etienne"]
[Result "1-0"]
[WhiteElo "1967"]
[BlackElo "2176"]
[PlyCount "99"]
[EventDate "2009.09.27"]
[EventType "team-match"]
[EventRounds "11"]
[EventCountry "FRA"]
[SourceDate "2009.07.26"]

1. d4 d5 2. c4 c6 3. Nc3 Nf6 4. Bg5 Ne4 5. Nxe4 dxe4 6. Qd2 Na6 7. Rd1 f6 8.
Bh4 e5 9. a3 exd4 10. Qxd4 Qa5+ 11. Qd2 Nb4 12. Rc1 Qh5 13. Qf4 Bf5 14. axb4
Bxb4+ 15. Kd1 O-O-O+ 16. Kc2 Bd2 17. e3 Bb4 18. Be2 Qg6 19. Bg3 Rd2+ 20. Kb1
Bd6 21. Qh4 Rd8 22. Bh5 Qh6 23. Bg4 Qg6 24. Bxf5+ Qxf5 25. Qh3 Qd7 26. Bxd6
Qxh3 27. Nxh3 R8xd6 28. Rc2 R2d3 29. Nf4 Rb3 30. Kc1 g5 31. Ne2 Rbd3 32. Nc3
Kc7 33. Nxe4 Rd8 34. Rd2 Rxd2 35. Nxd2 Kb6 36. Rd1 Re8 37. Kc2 a5 38. Nf3 Re7
39. Rd6 Rf7 40. Kc3 Kc5 41. Rd8 b5 42. cxb5 cxb5 43. Rc8+ Kb6 44. Nd4 Kb7 45.
Rc5 b4+ 46. Kc4 Kb6 47. Rc6+ Kb7 48. Kb5 f5 49. Rb6+ Ka7 50. Kxa5 1-0

[Event "FRA-chT1 0910"]
[Site "France"]
[Date "2009.10.17"]
[Round "2.8"]
[White "Bernard, Jacques"]
[Black "Tissot, Alice"]
[Result "1/2-1/2"]
[WhiteElo "2234"]
[BlackElo "1843"]
[PlyCount "90"]
[EventDate "2009.09.27"]
[EventType "team-match"]
[EventRounds "11"]
[EventCountry "FRA"]
[SourceDate "2009.07.26"]

1. e4 c5 2. Nf3 Nc6 3. d4 cxd4 4. Nxd4 Nf6 5. Nc3 e5 6. Ndb5 d6 7. Bg5 a6 8.
Na3 b5 9. Bxf6 gxf6 10. Nd5 Be6 11. c3 Rb8 12. Nc2 Bg7 13. Nce3 Ne7 14. Bd3 O-O
15. Qf3 Ng6 16. h4 Re8 17. h5 Nf8 18. Nf5 Bxf5 19. Qxf5 h6 20. Rh3 Nh7 21. Rg3
Kh8 22. Bc2 Qc8 23. Qxc8 Rexc8 24. Ne7 Rc7 25. Nf5 Bf8 26. Rd3 b4 27. Nxd6 Bxd6
28. Rxd6 bxc3 29. bxc3 Rxc3 30. Bb3 a5 31. Ra6 Ng5 32. f3 Ne6 33. Bxe6 fxe6 34.
Rd1 Rc2 35. Kf1 Rxa2 36. Rxe6 Rg8 37. g4 Rc8 38. Ke1 a4 39. Ra6 Kg8 40. Ra7 Kf8
41. Rd2 Rc1+ 42. Ke2 Rxd2+ 43. Kxd2 Rf1 44. Ke3 Ra1 45. Ra8+ Kf7 1/2-1/2

[Event "FRA-chT1 0910"]
[Site "France"]
[Date "2009.10.17"]
[Round "2.1"]
[White "Carbonnel, Pierre"]
[Black "Lagarde, Maxime"]
[Result "0-1"]
[WhiteElo "2264"]
[BlackElo "2398"]
[PlyCount "88"]
[EventDate "2009.09.27"]
[EventType "team-match"]
[EventRounds "11"]
[EventCountry "FRA"]
[SourceDate "2009.07.26"]

1. e4 c5 2. Nf3 d6 3. d4 cxd4 4. Nxd4 Nf6 5. Nc3 a6 6. Bg5 e6 7. f4 Nc6 8. e5
h6 9. Bh4 g5 10. fxg5 Nd5 11. Nxd5 exd5 12. exd6 Qxd6 13. Qe2+ Be7 14. Nxc6
bxc6 15. Bg3 Qg6 16. Be5 O-O 17. h4 Re8 18. Bc3 Bf5 19. O-O-O Bxg5+ 20. hxg5
Rxe2 21. Bxe2 Re8 22. Bf3 Be4 23. Rxh6 Qxg5+ 24. Bd2 Qg7 25. Rxc6 Rb8 26. Rc3
Qe5 27. Rh1 d4 28. Ra3 Bg6 29. Re1 Qc7 30. Be4 Re8 31. Bxg6 Rxe1+ 32. Bxe1 Qf4+
33. Kd1 Qg4+ 34. Kd2 Qxg2+ 35. Kd1 fxg6 36. Rxa6 Qf3+ 37. Kd2 Qe3+ 38. Kd1 d3
39. Rxg6+ Kf7 40. Rg2 Qf3+ 41. Kc1 Qxg2 42. cxd3 Qd5 43. Kc2 Qxa2 44. Bc3 Ke6
0-1

[Event "FRA-chT1 0910"]
[Site "France"]
[Date "2009.10.17"]
[Round "2.2"]
[White "Delorme, Axel"]
[Black "Schabanel, Stephane"]
[Result "1-0"]
[WhiteElo "2424"]
[BlackElo "2254"]
[PlyCount "54"]
[EventDate "2009.09.27"]
[EventType "team-match"]
[EventRounds "11"]
[EventCountry "FRA"]
[SourceDate "2009.07.26"]
[WhiteTeam "Clichy"]

1. d4 d5 2. c4 c6 3. Nf3 Nf6 4. e3 Bg4 5. Qb3 Qb6 6. Nc3 e6 7. Nh4 Bh5 8. h3 g5
9. Nf3 h6 10. Ne5 Nfd7 11. Nd3 Bg7 12. Bd2 O-O 13. h4 Bg6 14. Be2 dxc4 15. Qxc4
Qa6 16. Qxa6 Nxa6 17. hxg5 hxg5 18. e4 c5 19. Nxc5 Naxc5 20. dxc5 Nxc5 21. f3
Bf6 22. Be3 Rac8 23. Rd1 a6 24. Kf2 b5 25. g3 Rfd8 26. Rxd8+ Bxd8 27. Rd1 Bf6 {
suite illisible} 1-0

[Event "FRA-chT1 0910"]
[Site "France"]
[Date "2009.10.17"]
[Round "2.4"]
[White "Camacho Collados, Jose"]
[Black "Fayard, Alain"]
[Result "1-0"]
[WhiteElo "2401"]
[BlackElo "2276"]
[PlyCount "77"]
[EventDate "2009.09.27"]
[EventType "team-match"]
[EventRounds "11"]
[EventCountry "FRA"]
[SourceDate "2009.07.26"]

1. Nf3 Nf6 2. g3 c5 3. Bg2 Nc6 4. O-O d6 5. d4 cxd4 6. Nxd4 Bd7 7. Bg5 Qb6 8.
Nb3 e6 9. a4 Rc8 10. a5 Qa6 11. Nc3 Be7 12. e4 Ne5 13. Nd4 h6 14. Bxf6 Bxf6 15.
Kh1 h5 16. Nce2 h4 17. Ra3 h3 18. Bf3 Nxf3 19. Rxf3 Bxd4 20. Nxd4 e5 21. Ne2
O-O 22. Qd2 f5 23. Kg1 fxe4 24. Qd5+ Kh8 25. Qxe4 Rxf3 26. Qxf3 Rxc2 27. Nc3
Qc6 28. Nd5 Be8 29. Qf8+ Kh7 30. Qf5+ Kh6 31. Qxh3+ Bh5 32. Ne3 Rxb2 33. g4 Qe8
34. Rd1 Kg5 35. gxh5 Qf7 36. Qg3+ Kxh5 37. Qg4+ Kh6 38. Rxd6+ g6 39. Nf5+ 1-0

[Event "FRA-chT1 0910"]
[Site "France"]
[Date "2009.10.17"]
[Round "2.5"]
[White "Jablonski, Noham"]
[Black "Sorbe, Stephane"]
[Result "0-1"]
[WhiteElo "2317"]
[BlackElo "2351"]
[PlyCount "66"]
[EventDate "2009.09.27"]
[EventType "team-match"]
[EventRounds "11"]
[EventCountry "FRA"]
[SourceDate "2009.07.26"]

1. e4 c6 2. d4 d5 3. e5 Bf5 4. Nf3 e6 5. Be2 c5 6. O-O Nc6 7. Be3 Qb6 8. Nc3
Qxb2 9. Nb5 O-O-O 10. dxc5 Qxc2 11. Qe1 Qa4 12. Nbd4 Nge7 13. Bb5 Qa3 14. Qd2
Be4 15. Bxc6 Nxc6 16. Nxc6 bxc6 17. Nd4 Kc7 18. Rfc1 Rb8 19. Nb3 Be7 20. Bg5 f6
21. Bf4 Kd7 22. exf6 gxf6 23. Bxb8 Rxb8 24. f3 Bg6 25. Kh1 Rb4 26. Rc3 Qa4 27.
Re1 e5 28. Nc1 Qb5 29. Qf2 Rb2 30. Qg3 Bxc5 31. Qh3+ Kc7 32. Rb3 Qa5 33. Qh4
Bf2 0-1

[Event "FRA-chT1 0910"]
[Site "France"]
[Date "2009.10.17"]
[Round "2.6"]
[White "Beudaert, Xavier"]
[Black "Vasilescu, Victor"]
[Result "1/2-1/2"]
[WhiteElo "2338"]
[BlackElo "2155"]
[PlyCount "85"]
[EventDate "2009.09.27"]
[EventType "team-match"]
[EventRounds "11"]
[EventCountry "FRA"]
[SourceDate "2009.07.26"]

1. e4 c5 2. Nf3 e6 3. c4 Nc6 4. Nc3 Nf6 5. d4 cxd4 6. Nxd4 Bb4 7. Nc2 Bxc3+ 8.
bxc3 Qa5 9. Qd3 d5 10. exd5 exd5 11. Ba3 d4 12. Bb4 Qe5+ 13. Qe2 Qxe2+ 14. Bxe2
a5 15. Ba3 dxc3 16. O-O-O Be6 17. Nd4 Nb4 18. Nxe6 fxe6 19. Rd6 Ra6 20. Rhd1
Ke7 21. c5 Rxd6 22. cxd6+ Kd7 23. Bxb4 axb4 24. Bb5+ Kc8 25. Rd4 Rd8 26. Rxb4
Rxd6 27. Rc4+ Kd8 28. Rxc3 Rd5 29. Bd3 Kd7 30. Kc2 Kd6 31. Kb3 Rc5 32. Rc4 h6
33. Be2 b6 34. Bf3 Nd7 35. Rg4 g5 36. h4 Nf6 37. Rb4 Kc7 38. g3 Nd5 39. Rc4 Kd6
40. hxg5 hxg5 41. a4 Rxc4 42. Kxc4 Nc7 43. Kd4 1/2-1/2

[Event "FRA-chT1 0910"]
[Site "France"]
[Date "2009.10.17"]
[Round "2.8"]
[White "Bonvalot, Isabelle"]
[Black "Cochet, Caroline"]
[Result "0-1"]
[WhiteElo "1925"]
[BlackElo "2033"]
[PlyCount "76"]
[EventDate "2009.09.27"]
[EventType "team-match"]
[EventRounds "11"]
[EventCountry "FRA"]
[SourceDate "2009.07.26"]

1. e4 c5 2. c3 Nf6 3. e5 Nd5 4. d4 cxd4 5. Nf3 Nc6 6. cxd4 g6 7. Bc4 Nb6 8. Bb3
Bg7 9. O-O d6 10. Qe2 O-O 11. Nc3 Bg4 12. Rd1 Qb8 13. exd6 Qxd6 14. Nb5 Qd7 15.
Be3 Qf5 16. d5 Bxf3 17. gxf3 Ne5 18. Nd4 Qh5 19. Rac1 Rad8 20. Rc7 Nxd5 21.
Rxb7 Bf6 22. Kg2 Nxe3+ 23. fxe3 g5 24. Rxa7 Kh8 25. h3 e6 26. Bc2 Rc8 27. Be4
Ng6 28. Nc6 Nh4+ 29. Kh1 Nf5 30. Kh2 Qh4 31. Rg1 Nd6 32. Rg4 Qh5 33. Nd4 Be5+
34. Kg2 f5 35. Nxe6 fxg4 36. hxg4 Qe8 37. Rxh7+ Kg8 38. Nxg5 Nxe4 0-1

[Event "FRA-chT1 0910"]
[Site "France"]
[Date "2009.10.18"]
[Round "3.1"]
[White "Le Roy, Brice"]
[Black "Schabanel, Stephane"]
[Result "1-0"]
[WhiteElo "2303"]
[BlackElo "2254"]
[PlyCount "55"]
[EventDate "2009.09.27"]
[EventType "team-match"]
[EventRounds "11"]
[EventCountry "FRA"]
[SourceDate "2009.07.26"]

1. e4 e6 2. d4 d5 3. Nd2 Nf6 4. e5 Nfd7 5. Bd3 c5 6. c3 Nc6 7. Ndf3 cxd4 8.
cxd4 f6 9. exf6 Nxf6 10. Ne2 Qc7 11. Nc3 a6 12. Bg5 Bd6 13. Bh4 Nh5 14. Ng5 g6
15. Bg3 Nf4 16. Bxf4 Bxf4 17. h4 O-O 18. Nf3 Qg7 19. h5 Nxd4 20. hxg6 h6 21.
Nxd4 Qxd4 22. Bc2 Qe5+ 23. Qe2 Kg7 24. Rh5 Qc7 25. Rd1 e5 26. Nxd5 Qa5+ 27. b4
Qa3 28. Rxe5 1-0

[Event "FRA-chT1 0910"]
[Site "France"]
[Date "2009.10.18"]
[Round "3.2"]
[White "Carbonnel, Pierre"]
[Black "Chomet, Pascal"]
[Result "0-1"]
[WhiteElo "2264"]
[BlackElo "2338"]
[PlyCount "72"]
[EventDate "2009.09.27"]
[EventType "team-match"]
[EventRounds "11"]
[EventCountry "FRA"]
[SourceDate "2009.07.26"]
[BlackTeam "Bois-Colombes"]

1. e4 e5 2. Nf3 Nc6 3. Bb5 a6 4. Ba4 Nf6 5. O-O Be7 6. Re1 b5 7. Bb3 d6 8. c3
O-O 9. h3 Nd7 10. d3 Nb6 11. Nbd2 a5 12. Nf1 a4 13. Bc2 b4 14. d4 a3 15. d5
axb2 16. Bxb2 bxc3 17. Bxc3 Nb8 18. Ne3 Na6 19. a4 Nc5 20. a5 Nbd7 21. Nf5 Bf6
22. Qd2 g6 23. Nh6+ Kh8 24. Ra3 Bg7 25. Nh2 Nf6 26. Qg5 Bd7 27. g4 c6 28. f4
cxd5 29. fxe5 Nfxe4 30. Qf4 Nxc3 31. Nxf7+ Rxf7 32. Qxf7 Nb5 33. Rf3 Nd4 34.
Rf2 Be6 35. Qf4 Nxc2 36. Rxc2 Nd3 0-1

[Event "FRA-chT1 0910"]
[Site "France"]
[Date "2009.10.18"]
[Round "3.3"]
[White "Ribeiro, Romain"]
[Black "Jablonski, Noham"]
[Result "0-1"]
[WhiteElo "2169"]
[BlackElo "2317"]
[PlyCount "68"]
[EventDate "2009.09.27"]
[EventType "team-match"]
[EventRounds "11"]
[EventCountry "FRA"]
[SourceDate "2009.07.26"]

1. e4 c5 2. Nc3 e6 3. Nf3 a6 4. d4 cxd4 5. Nxd4 Qc7 6. Bd3 Nf6 7. O-O d6 8. Be3
Be7 9. f4 h5 10. h3 h4 11. a4 b6 12. Be2 Bb7 13. Bf3 Nbd7 14. Nb3 Rc8 15. Qe2
e5 16. f5 Qc4 17. Qf2 Qc7 18. Rfd1 Bc6 19. Nd2 Qb7 20. Nc4 Bxe4 21. Nxd6+ Bxd6
22. Rxd6 Bxf3 23. gxf3 Rh5 24. Rad1 Rxf5 25. Qxh4 Qxf3 26. Bg5 Nh7 27. Ne4 Rxc2
28. R6d2 Rxd2 29. Rxd2 Rxg5+ 30. Nxg5 Qe3+ 31. Kf1 Nxg5 32. Qb4 Qxh3+ 33. Ke2
Qf3+ 34. Ke1 Qe4+ 0-1

[Event "FRA-chT1 0910"]
[Site "France"]
[Date "2009.10.18"]
[Round "3.4"]
[White "Rabeyrin, Jean Jacques"]
[Black "Metzger, Clement"]
[Result "1-0"]
[WhiteElo "2269"]
[BlackElo "2172"]
[PlyCount "59"]
[EventDate "2009.09.27"]
[EventType "team-match"]
[EventRounds "11"]
[EventCountry "FRA"]
[SourceDate "2009.07.26"]

1. e4 c5 2. Nf3 Nc6 3. d4 cxd4 4. Nxd4 Nf6 5. Nc3 e5 6. Ndb5 d6 7. Bg5 a6 8.
Na3 b5 9. Bxf6 gxf6 10. Nd5 Bg7 11. c3 f5 12. exf5 Bxf5 13. Nc2 O-O 14. Nce3
Be6 15. Bd3 f5 16. Bc2 Ra7 17. Qh5 Raf7 18. g4 Bxd5 19. Nxd5 e4 20. O-O-O b4
21. Rhg1 bxc3 22. gxf5 Rxf5 23. Qh6 R8f7 24. Nxc3 Rxf2 25. Nxe4 Re2 26. Rxg7+
Rxg7 27. Nf6+ Kf8 28. Nxh7+ Kg8 29. Bb3+ d5 30. Bxd5+ 1-0

[Event "FRA-chT1 0910"]
[Site "France"]
[Date "2009.10.18"]
[Round "3.5"]
[White "Plane, Boris"]
[Black "Fayard, Alain"]
[Result "1-0"]
[WhiteElo "2167"]
[BlackElo "2276"]
[PlyCount "45"]
[EventDate "2009.09.27"]
[EventType "team-match"]
[EventRounds "11"]
[EventCountry "FRA"]
[SourceDate "2009.07.26"]

1. e4 e5 2. Nf3 Nf6 3. d3 Nc6 4. c3 d5 5. Nbd2 a5 6. a4 Bc5 7. Be2 O-O 8. Qc2
Qe7 9. O-O h6 10. h3 Ba7 11. b3 Re8 12. Ba3 Bc5 13. Bb2 dxe4 14. dxe4 Nh5 15.
Bb5 Qf6 16. b4 Ba7 17. Kh2 Nf4 18. Rad1 Qg6 19. Nh4 Qh5 20. Nf5 Qg5 21. g3 g6
22. h4 Qh5 23. g4 1-0

[Event "FRA-chT1 0910"]
[Site "France"]
[Date "2009.10.18"]
[Round "3.6"]
[White "Vasilescu, Victor"]
[Black "Gaudron, Fanny"]
[Result "0-1"]
[WhiteElo "2155"]
[BlackElo "2045"]
[PlyCount "74"]
[EventDate "2009.09.27"]
[EventType "team-match"]
[EventRounds "11"]
[EventCountry "FRA"]
[SourceDate "2009.07.26"]

1. e4 e5 2. f4 Bc5 3. Nf3 d6 4. c3 Qe7 5. Bd3 Nf6 6. Bc2 Nc6 7. b4 Bb6 8. d3
O-O 9. fxe5 dxe5 10. Qe2 Re8 11. Nbd2 Ng4 12. Nc4 Bf2+ 13. Kf1 Bh4 14. g3 Bf6
15. h3 Nh6 16. Kg2 Kh8 17. g4 g5 18. Ne3 Be6 19. Nd5 Bxd5 20. exd5 Nb8 21. Qe4
Nd7 22. h4 Rg8 23. d4 Rg7 24. hxg5 Bxg5 25. Bxg5 f5 26. gxf5 Rxg5+ 27. Nxg5
Qxg5+ 28. Kf2 Ng4+ 29. Ke2 Ndf6 30. Qf3 exd4 31. Rag1 Re8+ 32. Kd1 Re3 33. Qg2
d3 34. Bb3 Re2 35. Qxe2 dxe2+ 36. Kxe2 Qe3+ 37. Kd1 Nf2+ 0-1